Encyclopaedia of Indian women through the ages : (Record no. 10833)

MARC details
000 -LEADER
fixed length control field 00587cam a2200217ua 4500
005 - DATE AND TIME OF LATEST TRANSACTION
control field 20260515114832.0
008 - FIXED-LENGTH DATA ELEMENTS--GENERAL INFORMATION
fixed length control field 200213n ii |||gr||||Z||||||eng
020 ## - INTERNATIONAL STANDARD BOOK NUMBER
International Standard Book Number 8178351722
040 ## - CATALOGING SOURCE
Transcribing agency MAIN
Original cataloging agency IN-DiNC
041 ## - LANGUAGE CODE
Language code of sung or spoken text eng
082 ## - DEWEY DECIMAL CLASSIFICATION NUMBER
Classification number 305.4
Item number JAI
100 ## - MAIN ENTRY--PERSONAL NAME
Personal name Jain, Simmi
Relator term author
245 ## - TITLE STATEMENT
Title Encyclopaedia of Indian women through the ages :
Remainder of title ancient India /
Statement of responsibility, etc. By Simmi Jain .
250 ## - EDITION STATEMENT
Edition statement V.1.
260 ## - PUBLICATION, DISTRIBUTION, ETC.
Place of publication, distribution, etc. Delhi:
Name of publisher, distributor, etc. Kalpaz publications,
Date of publication, distribution, etc. 2011.
300 ## - PHYSICAL DESCRIPTION
Extent 274p.
650 ## - SUBJECT ADDED ENTRY--TOPICAL TERM
Topical term or geographic name entry element Women
650 ## - SUBJECT ADDED ENTRY--TOPICAL TERM
Topical term or geographic name entry element Women in ancient India
653 ## - INDEX TERM--UNCONTROLLED
Uncontrolled term Social groups
942 ## - ADDED ENTRY ELEMENTS (KOHA)
Koha item type Books
Source of classification or shelving scheme Dewey Decimal Classification
Holdings
Withdrawn status Lost status Damaged status Not for loan Home library Current library Shelving location Date acquired Total checkouts Full call number Barcode Date last seen Copy number Price effective from Koha item type
        Naharkatiya College Library Naharkatiya College Library General stacks 09/19/2020   305.403Women studies | JAI 25139 09/19/2020 1 09/19/2020 Books